000 00289as aa2200109a 44500
090 _aSERIADAS
_b01534
245 1 0 _aAullador
260 _bInstituto de Investigación de Recursos Biológicos Alexander Von Humboldt
_aColombia
310 _aIRREGULAR
041 0 _aEspañol
942 _cREVISTA
999 _c17296
_d17296